| 000 | 00556nam a2200217Ia 4500 | ||
|---|---|---|---|
| 003 | OSt | ||
| 005 | 20230518142651.0 | ||
| 008 | 210423s2007 xx 000 0 und d | ||
| 020 | _a81-7473-361-2 | ||
| 040 | _cAL | ||
| 041 | _aeng | ||
| 082 |
_a574.192 RAMT _223 |
||
| 100 |
_aRAMBABU (Kondreddy). _9108295 |
||
| 245 | _aTextbook of biochemistry. | ||
| 260 |
_aNew Delhi _bA I T B S Publications _c2007 |
||
| 300 |
_axxiv,832 _bPB |
||
| 365 |
_b850 _cINR |
||
| 650 |
_aBiochemistry _9108296 |
||
| 906 | _abiochemistry. ; Textbook | ||
| 942 |
_2ddc _cBK |
||
| 999 |
_c165102 _d165102 |
||